| 000 | 01591nam a22002297a 4500 | ||
|---|---|---|---|
| 999 |
_c6248 _d6248 |
||
| 003 | DO-SdBJH | ||
| 005 | 20210715165235.0 | ||
| 008 | 210528b ||||| |||| 00| 0 spa d | ||
| 040 |
_aDO-SdBJH _bspa _cDO-SdBJH |
||
| 090 |
_aTG EGCEMA _b01509 2019 |
||
| 100 | 1 |
_aMartínez Cruz, Bernardo _esustentante |
|
| 245 | 1 | 0 |
_aAportes de la Academia Aérea de la Fuerza Aérea GBPFAFM de la República Dominicana, al sistema educativo dominicano, a partir de su segunda etapa (2007) / _cBernardo Martínez Cruz, asesores Tebi Enrique Rodríguez Hernández, Alessandri Alcántara Cadena |
| 260 |
_aSanto Domingo Este : _bINSUDE, _c2019 |
||
| 300 | _axvii, 71 páginas | ||
| 502 | _aTesis (Especialidad en Comando y Estado Mayor Aéreo). -- Instituto Superior para la Defensa (INSUDE). Escuela de Graduados de Estudios Aeronáuticos, 2019 | ||
| 504 | _aIncluye referencias bibliográficas e índices | ||
| 505 | _aEstructura orgánica y funcional de la Academia Aérea General de Brigada Piloto Frank Andrés Feliz Miranda. -- Aportes de la Academia Aérea General de Brigada Piloto Frank Andrés Feliz Miranda, al sistema educativo dominicano, a partir de su segunda etapa (2007). -- Responsabilidades y retos del presente y del futuro que tiene por delante la Academia Aérea GBPFAFM de la República Dominicana, frente al sistema educativo dominicano | ||
| 700 | 1 |
_aRodríguez Hernández, Tebi Enrique _easesor |
|
| 700 | 1 |
_a Alcántara Cadena, Alessandri _easesor |
|
| 830 | _aINSUDE. Escuela de Graduados de Estudios Aeronáuticos. Tesis y disertaciones académicas | ||
| 942 |
_2CL _cT |
||